Biggest cities by population starting with X - Statistics

General Stats
  • This quiz has been taken 11 times
  • The average score is 2 of 5
Answer Stats
Population Country Answer % Correct
~6,501,200 China Xi'an
100%
~3,531,300 China Xiamen
80%
~1,590,700 China Xinyang
20%
~1,034,100 China Xianyang
10%
~1,265,500 China Xuchang
10%
No matching quizzes found
Score Distribution
Percent of People with Each Score
Percentile by Number Answered
Your Score History
You have not taken this quiz